00717nam a2200217Ia 4500003000400000005001700004008004100021040001800062041000800080082001900088100002800107245009500135250000600230260004300236300001500279650003400294700003000328942001200358999001900370952011000389OSt20250819145714.0210716s1987 xx 000 0 und d cAIMIT LIBRARY aeng a005.134 bPRAC aPrague, Cary N.9236471 aDbase III plus programming :btips and techniques /cBy James E Hammitt and Cary N Prague. a1 aNew Delhi :bBPB Publications ,c1987. axi,305 p.; aComputer Fundamentals9236472 aHammitt, James E.9236473 2ddccBK c180494d180494 001040708MCAaAIMITbAIMITd2021-07-16l0o005.134 PRACpMCA00002r2025-07-21 00:00:00w2021-07-16yBK